=LDR 00000nam 2200000 4500 =001 INLIS000000000045788 =005 20241205114951 =035 ##$$a 0010-021500000000348 =008 241205################a##########0#ind## =020 ##$$a 978-979-010-454-9 =040 ##$$a NBPDMAT =082 ##$$a 028.5 =090 ##$$a 028.5 $b Bun w =100 ##$$a Bunda Nanit =245 1#$$a Wulan si bulan /$c Bunda Nanit dan Jodhi P. Giriarso =250 ##$$a Cet.1 =260 ##$$a Jakarta :$b Kids Bumi Aksara,$c (s.a) =300 ##$$a 32 hlm. : $b ilus. ; $c 19 x 19 cm. =650 #4$$a Bacaan kanak - Kanak =850 ##$$a NBPDMAT =084 ##$$a 028.5 BUN w =710 #$$a Jodhi P. Giriarso =990 ##$$a 21421792 =990 ##$$a 21421793 =990 ##$$a 21421794 =990 ##$$a 21421795 =990 ##$$a 21421796 =990 ##$$a 0001/BPAP-NTB/2015 =990 ##$$a 21306433 =990 ##$$a 21306432 =990 ##$$a 20901839